"Semeno de Lazcano" (Record no. 27080)

MARC details
000 -LEADER
campo de control de longitud fija 00430nam a2200145 i 4500
001 - NÚMERO DE CONTROL
campo de control 27080
003 - IDENTIFICADOR DE NÚMERO DE CONTROL
campo de control ES-MaACL
007 - CAMPO FIJO DE DESCRIPCIÓN FÍSICA--INFORMACIÓN GENERAL
campo de control de longitud fija t|
008 - DATOS DE LONGITUD FIJA--INFORMACIÓN GENERAL
campo de control de longitud fija 030113s1970 sp ||||1| baq d
100 1# - ENTRADA PRINCIPAL--NOMBRE DE PERSONA
Nombre de persona Arrinda, Anastasio.
9 (RLIN) 23322
245 11 - MENCIÓN DEL TÍTULO
Título "Semeno de Lazcano"
Resto del título : (Anaiarteko gorroto) /
Mención de responsabilidad, etc. Anastasio Arrinda (Anes Lazkauko).
260 ## - PUBLICACIÓN, DISTRIBUCIÓN, ETC.
Lugar de publicación, distribución, etc. Zarauz :
Nombre del editor, distribuidor, etc. Itxaropena,
Fecha de publicación, distribución, etc. [1970]
300 ## - DESCRIPCIÓN FÍSICA
Extensión 130 p. ;
Dimensiones 18 cm.
852 ## - LOCALIZACIÓN
Ubicación ES-MaACL
Número de control de estantería E-5044
Sublocalización o colección R.76102
Holdings
Estatus retirado Estado de pérdida Estado de daño No para préstamo Biblioteca de origen Biblioteca actual Ubicación en estantería Fecha de adquisición Fuente de adquisición Total de préstamos Signatura topográfica completa Código de barras Visto por última vez Precio de reemplazo Tipo de ítem Koha
        Biblioteca del Ateneo de Madrid Biblioteca del Ateneo de Madrid Depósito 2 17/01/2008     E-5044 1027950 23/02/2023 23/02/2023 Libro impreso